Pakistan: (Record no. 187080)
[ view plain ]
| 000 -LEADER | |
|---|---|
| fixed length control field | 00741 a2200217 4500 |
| 003 - CONTROL NUMBER IDENTIFIER | |
| control field | Nust |
| 005 - DATE AND TIME OF LATEST TRANSACTION | |
| control field | 20230406094050.0 |
| 010 ## - LIBRARY OF CONGRESS CONTROL NUMBER | |
| LC control number | 68096098 |
| 020 ## - INTERNATIONAL STANDARD BOOK NUMBER | |
| International Standard Book Number | 9780195771145 |
| 040 ## - CATALOGING SOURCE | |
| Transcribing agency | Nust |
| 082 ## - DEWEY DECIMAL CLASSIFICATION NUMBER | |
| Classification number | 954.9,SAY |
| 100 ## - MAIN ENTRY--PERSONAL NAME | |
| Personal name | Sayeed, Khalid B. |
| 9 (RLIN) | 16627 |
| 245 ## - TITLE STATEMENT | |
| Title | Pakistan: |
| Remainder of title | The formative phase, 1857-1948 / |
| Statement of responsibility, etc. | Khalid B. Sayeed; with a foreword by George Cunningham |
| 250 ## - EDITION STATEMENT | |
| Edition statement | 2nd ed |
| 260 ## - PUBLICATION, DISTRIBUTION, ETC. | |
| Place of publication, distribution, etc. | London, New York [etc.] |
| Name of publisher, distributor, etc. | Oxford University Press |
| Date of publication, distribution, etc. | 1998 |
| 300 ## - PHYSICAL DESCRIPTION | |
| Extent | ix, 341 p |
| Other physical details | 23 cm |
| 505 ## - FORMATTED CONTENTS NOTE | |
| Formatted contents note | PART-1: Origins of Pakistan (Page-3), PART-2: Continuation of the Vice regal System in Pakistan 1947-8 (Page-223). |
| 600 ## - SUBJECT ADDED ENTRY--PERSONAL NAME | |
| Personal name | Sayeed, Khalid B. |
| 9 (RLIN) | 16627 |
| 650 ## - SUBJECT ADDED ENTRY--TOPICAL TERM | |
| Topical term or geographic name entry element | Pakistan Formative |
| 9 (RLIN) | 111752 |
| 942 ## - ADDED ENTRY ELEMENTS (KOHA) | |
| Source of classification or shelving scheme | |
| Koha item type | Book |
| Call number prefix | 954.9,SAY |
| Withdrawn status | Lost status | Source of classification or shelving scheme | Damaged status | Not for loan | Permanent Location | Current Location | Shelving location | Date acquired | Full call number | Barcode | Date last seen | Price effective from | Koha item type | Public note |
|---|---|---|---|---|---|---|---|---|---|---|---|---|---|---|
| Military College of Signals (MCS) | Military College of Signals (MCS) | General Stacks | 12/12/2016 | 954.9,SAY | MCS33807 | 12/08/2016 | 12/12/2016 | Book | Almirah No.75, Shelf No.7 |
